MONHEIMS LOCAL ANESTHESIA AND PAIN CONTROL IN DENTAL PRACTICE (Record no. 2864)

MARC details
000 -LEADER
fixed length control field 00403nam a2200145Ia 4500
008 - FIXED-LENGTH DATA ELEMENTS--GENERAL INFORMATION
fixed length control field 150201s1990 xx 000 0 und d
082 ## - DEWEY DECIMAL CLASSIFICATION NUMBER
Classification number 617.6
Item number L1990B
100 ## - MAIN ENTRY--PERSONAL NAME
Personal name BONONI, S.R.
245 ## - TITLE STATEMENT
Title MONHEIMS LOCAL ANESTHESIA AND PAIN CONTROL IN DENTAL PRACTICE
250 ## - EDITION STATEMENT
Edition statement 7TH
260 ## - PUBLICATION, DISTRIBUTION, ETC. (IMPRINT)
Name of publisher, distributor, etc. C.B.S PUBLISHERS & DISTRIBUTERS
Place of publication, distribution, etc. DELHI
Date of publication, distribution, etc. 1990
300 ## - PHYSICAL DESCRIPTION
Extent 1-404
650 ## - SUBJECT ADDED ENTRY--TOPICAL TERM
Topical term or geographic name as entry element ORAL SURGERY
942 ## - ADDED ENTRY ELEMENTS (KOHA)
Source of classification or shelving scheme Dewey Decimal Classification
Koha item type Books
Koha issues (borrowed), all copies 89
Holdings
Withdrawn status Lost status Source of classification or shelving scheme Damaged status Not for loan Home library Current library Date acquired Source of acquisition Cost, normal purchase price Serial Enumeration / chronology SGTU Bill Number Total Checkouts Full call number Barcode Date last seen Date last checked out Bill Date Koha item type Total Renewals
    Dewey Decimal Classification     SGT Dental Library SGT Dental Library 08/09/2003 U.B.S.DELHI 425.00 1 SGTU 555 66 617.6 L1990B FD1589 09/09/2024 25/07/2024 01/03/2012 Books  
    Dewey Decimal Classification     SGT Dental Library SGT Dental Library 08/09/2003 U.B.S.DELHI 425.00 1 SGTU 555   617.6 L1990B FD1590 09/02/2015   01/03/2012 Books  
    Dewey Decimal Classification     SGT Dental Library SGT Dental Library 08/09/2003 U.B.S.DELHI 425.00 1 SGTU 555 78 617.6 L1990B FD1591 12/02/2024 12/02/2024 01/03/2012 Books  
    Dewey Decimal Classification     SGT Dental Library SGT Dental Library 08/09/2003 U.B.S.DELHI 425.00 1 SGTU 555 37 617.6 L1990B FD1592 23/03/2026 23/03/2026 01/03/2012 Books 1